|
|
|
|
| LEADER |
00000nab a2200000 a 4500 |
| 001 |
vtls011108128 |
| 003 |
SK-MaSNL |
| 005 |
20260303143536.0 |
| 008 |
230222|1970 xo |||||||||||||||||slo| |
| 015 |
|
|
|a SNBRB
|
| 035 |
|
|
|a (uuid)6a4cc900-d729-4c9c-96ed-fb5d16c3f3f3
|
| 035 |
|
|
|a (urnnbn)urn:nbn:sk:snk:ar-a08b8k
|
| 035 |
|
|
|a urn:nbn:sk:snk-ab9ecm
|
| 040 |
|
|
|a SNKBUCL
|b slo
|c SNKBUCL
|e AACR2
|
| 041 |
0 |
|
|a slo
|
| 044 |
|
|
|a xo
|c SK
|
| 100 |
1 |
|
|a Schmidt, Zoltán
|4 aut
|9 326774
|
| 245 |
1 |
0 |
|a Nálezy fosílnych sobov na Slovensku
|c Zoltán Schmidt
|
| 773 |
0 |
|
|t Svet vedy : populárnovedecký mesačník SAV a Čs. spoločnosti pre šírenie politických a vedeckých poznatkov
|g Roč. 17, č. 2 (1970), s. 87-90
|
| 954 |
|
|
|a odborná, vedecká literatúra pôvodná (slovenská)
|2 lita
|
| 958 |
|
|
|a OND
|
| 958 |
|
|
|a EUIPO
|
| 958 |
|
|
|a article13
|
| 999 |
|
|
|c 1990739
|d 1992669
|